Oxymoron #1 - Statistics

General Stats
  • This quiz has been taken 265 times
  • The average score is 9 of 30
Answer Stats
Hint Answer % Correct
Civil War
87%
Jumbo Shrimp
80%
Living Dead
72%
Pretty Awful
69%
Upside Down
69%
Accidentally on Purpose
64%
Passive Aggressive
62%
Same Difference
56%
Hidden in Plain Sight
54%
Deafening Silence
45%
Alone Together
44%
Even Odds
39%
Freezer Burn
30%
Perfectly Imperfect
26%
Definite Maybe
23%
Truly False
19%
Near Miss
18%
Practical Joke
17%
Act Natural
15%
Seriously Funny
14%
Very Little
13%
Guest Host
10%
Found Missing
8%
Hot Chocolate Frozen
5%
New Classic
3%
Only Choice
1%
Ill Fortune
1%
Honest Thief
1%
Larger Half
0%
Accurate Rumors
0%
No matching quizzes found
Score Distribution
Percent of People with Each Score
Percentile by Number Answered
Your Score History
You have not taken this quiz